Elementary Quantitative Methods (Record no. 2428)
[ view plain ]
| 005 - DATE AND TIME OF LATEST TRANSACTION | |
|---|---|
| control field | 20250519091623.0 |
| 082 ## - DEWEY DECIMAL CLASSIFICATION NUMBER | |
| Classification number | LECT 330.154 LUR |
| 100 ## - MAIN ENTRY--PERSONAL NAME | |
| Author name | LURY, D. A. |
| 245 ## - TITLE STATEMENT | |
| Title | Elementary Quantitative Methods |
| 260 ## - PUBLICATION, DISTRIBUTION, ETC. | |
| Place of publication, distribution, etc. | Nairobi, |
| Name of publisher, distributor, etc. | East African Publishing House, |
| Date of publication, distribution, etc. | 1967. |
| 300 ## - PHYSICAL DESCRIPTION | |
| Extent | ix, 128p.: ill.; figure, table. |
| Dimensions | 22cm. |
| 942 ## - ADDED ENTRY ELEMENTS (KOHA) | |
| Source of classification or shelving scheme | Dewey Decimal Classification |
| Koha item type | Books |
| Date last seen | Total checkouts | Full call number | Barcode | Cost, replacement price | Price effective from | Koha item type | Lost status | Source of classification or shelving scheme | Damaged status | Not for loan | Withdrawn status | Home library | Current library | Shelving location | Date acquired | Cost, normal purchase price |
|---|---|---|---|---|---|---|---|---|---|---|---|---|---|---|---|---|
| 05/19/2025 | LECT 330.154 LUR | 0000009117 | 30000.00 | 05/19/2025 | Books | Dewey Decimal Classification | College of Business Education Main Library | College of Business Education Main Library | General Collection | 06/22/1981 | 10000.00 |
